• 首页
  • 本馆介绍
  • 公告通知
  • 最新文献
  • 馆藏检索
  • 电子资源
  • 读者导购
  • 参考咨询
  • 我的图书馆
  • 登录
  • 详细信息显示
  • 放入我的书架
  • 预约/预借图书
  • 作者相关作品
  • 分类相关作品
  • 丛书相关作品
  • 出版社相关作品

书目信息

  • 表格格式
  • 工作单格式
  • 卡片格式
题名:
室内环境中家用纺织品色彩与图案设计新论
    
 
作者: 张平青 , 周天胜 , 王洋 著
分册:  
出版信息: 北京   中国纺织出版社  2018.06
页数: 244页
开本: 23cm
丛书名:
单 册:
中图分类: TS105.1 , TS194.1
科图分类:
主题词: 纺织品--色彩--设计 , 纺织品--图案设计
电子资源:
ISBN: 978-7-5180-2351-6
000 01450nam0 2200301 450
001 379
005 20180922092910.18
010    @a978-7-5180-2351-6@dCNY72.00
100    @a20180315d2018 em y0chiy50 ea
101 0  @achi
102    @aCN@b110000
105    @aa z 000yy
200 1  @a室内环境中家用纺织品色彩与图案设计新论@9shi nei huan jing zhong jia yong fang zhi pin se cai yu tu an she ji xin lun@f张平青,周天胜,王洋著
210    @a北京@c中国纺织出版社@d2018.06
215    @a244页@c图@d23cm
314    @a张平青 (1981-),男,副教授,硕士研究生学历,国家职业技能鉴定考评员,现任烟台南山学院艺术设计系主任,党支部书记。主讲《设计概论》、《图案基础》等课程。
314    @a周天胜 (1970-),男,讲师、工程师,山东龙口人。现任烟台南山学院纺织系执行主任,1995年青岛大学纺织工程专业毕业,2009年获得青岛大学材料学工学硕士学位
314    @a王洋 (1981-),女,副教授,硕士研究生学历,中国高校美术家协会理事,中国设计师协会会员,现任烟台南山学院艺术设计系教研室主任。
330    @a本书就室内环境中家用纺织品色彩与图案设计进行了研究分析。内容包括:绪论、家用纺织品色彩设计应用与创新、家用纺织品图案设计应用与创新等。
606 0  @a纺织品@x色彩@x设计
606 0  @a纺织品@x图案设计
690    @aTS105.1@v5
690    @aTS194.1@v5
701  0 @a张平青@9zhang ping qing@f(1981-)@4著
701  0 @a周天胜@9zhou tian sheng@f(1970-)@4著
701  0 @a王洋@9wang yang@f(1981-)@4著
801  0 @aCN@b91MARC@c20180315
905    @aMuseLib@dTS105.1@e19
    
    室内环境中家用纺织品色彩与图案设计新论/张平青,周天胜,王洋著.-北京:中国纺织出版社,2018.06
    244页:图;23cm
    
    
    ISBN 978-7-5180-2351-6:CNY72.00
    本书就室内环境中家用纺织品色彩与图案设计进行了研究分析。内容包括:绪论、家用纺织品色彩设计应用与创新、家用纺织品图案设计应用与创新等。
●
相关链接 在E读中查询图书 在五车中查询图书 在当当中查询图书 在豆瓣中查询图书


正题名:室内环境中家用纺织品色彩与图案设计新论     索取号:TS105.1/19         预约/预借

序号 登录号 条形码 馆藏地/架位号 状态 备注
1 1119604   211196043   第二样本阅览室/ [索取号:TS105.1/19] 在馆    
2 1119605   211196052   密集书库-资源管理系/ [索取号:TS105.1/19] 在馆    
3 1119606   211196061   第三借阅区/ [索取号:TS105.1/19] 在馆    
4 1119607   211196070   第三借阅区/ [索取号:TS105.1/19] 在馆    
5 1119608   211196089   第三借阅区/ [索取号:TS105.1/19] 在馆    
唐山师范学院图书馆 欢迎您!
大连网信软件有限公司© 版权所有